Die Mährische Moderne /

Hlavní autor: Schick, Eugen, 1877-1909
Jazyk: Němčina
Vydáno: Brünn : Verlag des Vereines, 1906
Externí odkaz: Digitalizovaný dokument
Fyzický popis: 24 s. ; 8°
Knihy
Uloženo v:
LEADER 00790nam a22002052a 4500
001 000708468
003 CZ BrMZK
005 20161124205751.0
007 ta
008 040312s1906 xr e ger d
040 |a BOA001  |b cze  |c BOA001 
100 1 |a Schick, Eugen,  |d 1877-1909  |7 mzk2010473817  |4 aut 
245 1 4 |a Die Mährische Moderne /  |c Eugen Schick 
260 |a Brünn :  |b Verlag des Vereines,  |c 1906  |f (R. Rohrer) 
300 |a 24 s. ;  |c 8° 
500 |a Separát z: Zeitschrift des deutschen Vereines für die Geschichte Mährens und Schlesiens, 10, 1906 
500 |a Dostupné též v digitální podobě v aplikaci Kramerius 
856 4 1 |u http://www.digitalniknihovna.cz/mzk/uuid/uuid:67e6b240-b6ca-11e6-88f6-005056827e52  |y Digitalizovaný dokument  |x NDK 
910 |a BOA001  |b 3-0036.599 
990 |a BK